| 000 | 00802nam a2200253Ia 4500 | ||
|---|---|---|---|
| 003 | OSt | ||
| 005 | 20220928115509.0 | ||
| 006 | a|||||r|||| 00| 0 | ||
| 007 | ta | ||
| 008 | 220927b |||||||| |||| 00| 0 eng d | ||
| 020 | _c3878.25 | ||
| 024 | _a114398 | ||
| 037 |
_b33864, 13/01/2012, Segment Book Distributors _cTextual |
||
| 040 |
_aSDCL _cSDCL _beng |
||
| 041 |
_2eng _aeng |
||
| 082 | _aX81:8, Q0 | ||
| 100 |
_aRebonato Riccardo _9426918 |
||
| 245 | 0 |
_aCoherent stress testing _b A bayesian approach to the analysis of financial stress. |
|
| 260 |
_aChichester _bJohn Wiley _c2010 |
||
| 300 |
_axi,227p _ccm. |
||
| 650 | _aFinancial Studies | ||
| 942 |
_hX81:8, Q0 _cTEXL _2CC |
||
| 999 |
_c759658 _d759658 |
||